Länder mit den meisten Menschen ohne Strom - Statistiken

Allgemein
  • Dieses Quiz wurde 50 mal gespielt
  • Das Durchschnittsergebnis liegt bei 11 aus 20
Antwortstatistiken
Anzahl Land % Korrekt
14,6 Mio. Indien
86%
23,9 Mio. Niger
84%
22,8 Mio. Sudan
84%
105 Mio. Nigeria
81%
65,5 Mio. Äthiopien
77%
16,5 Mio. Kenia
74%
17,4 Mio. Tschad
70%
43,3 Mio. Tansania
63%
61,9 Mio. Pakistan
60%
20,9 Mio. Angola
58%
12,3 Mio. Mali
56%
29,9 Mio. Uganda
56%
25,1 Mio. Mosambik
44%
21,2 Mio. Madagaskar
42%
12,6 Mio. Nordkorea
42%
19,9 Mio. Burkina Faso
35%
18,9 Mio. Malawi
33%
16,4 Mio. Myanmar
28%
12,4 Mio. Burundi
26%
89,1 Mio. DR Kongo
26%
Keine übereinstimmenden Quizze gefunden
Verteilung der Resultate
Anzahl Personen mit jedem Resultat
Perzentil nach korrekt beantworteten Fragen
Ihre Resultats-Entwicklung
Sie haben dieses Quiz noch nicht gespielt